| 000 | 00865nmc a2200313 a 4500 | ||
|---|---|---|---|
| 003 | AR-BaBNM | ||
| 005 | 20251128211712.0 | ||
| 008 | 165020s2001 ||||||||||||||000 | spa|| | ||
| 020 | _a950-23-0899-X | ||
| 040 | _cAR-BaBNM | ||
| 100 | 1 | _aPampillo, Gloria | |
| 245 | 1 | 0 |
_aPermítame contarle una historia _bnarración e identidad |
| 250 | _a1ª ed. | ||
| 260 |
_aBuenos Aires _bEudeba _c2001 |
||
| 300 | 0 | _a214 p. | |
| 490 | 0 | _aTemas. Comunicación | |
| 504 | _aContiene referencias bibliográficas | ||
| 650 | 4 | _aCRITICA LITERARIA | |
| 650 | 4 | _aTEORIA LITERARIA | |
| 650 | 4 | _aNARRACION | |
| 650 | 4 | _aENSAYO | |
| 655 | _aLITERATURA | ||
| 700 | 1 |
_aSarchione, Ana _ecolaborador |
|
| 700 | 1 |
_aMéndez, Alicia _ecolaborador |
|
| 700 | 1 |
_aAlbajari, Augusto _ecolaborador |
|
| 700 | 1 |
_aDi Marzo, Laura _ecolaborador |
|
| 942 | _cBK | ||
| 998 | _cmartin | ||
| 999 |
_c20780 _d20780 |
||